The American bridge to the Israel commonwealth.

Bibliographic Details
Main Author: Rosenblatt, Bernard A. (Bernard Abraham), 1886-
Format: Book
Language:English
Published: New York : Farrar, Straus and Cudahy, [1959]
Subjects:

MARC

Tag First Indicator Second Indicator Subfields
LEADER 00000cam a2200000 4500
001 in00000066913
005 20151008050808.0
008 770630s1959 nyu 00000 eng
010 |a  59009173  
035 |a (OCoLC)03086049 
035 |9 AAG3424AM 
040 |a DLC  |c OCP  |d TXA  |d UtOrBLW 
049 |a TXAM  |c [320110] 
050 0 |a HC497.P2  |b R56 
082 0 |a 330.95694 
092 |a 330.95694  |b R814a 
100 1 |a Rosenblatt, Bernard A.  |q (Bernard Abraham),  |d 1886- 
245 1 4 |a The American bridge to the Israel commonwealth. 
264 1 |a New York :  |b Farrar, Straus and Cudahy,  |c [1959] 
300 |a 128 pages ;  |c 22 cm. 
336 |a text  |b txt  |2 rdacontent 
337 |a unmediated  |b n  |2 rdamedia 
338 |a volume  |b nc  |2 rdacarrier 
651 0 |a Israel  |x Economic policy. 
651 0 |a Israel  |x Politics and government. 
651 0 |a Israel  |x Civilization  |x American influences. 
999 |a MARS 
999 f f |s f6a634b1-70cf-3cb8-b05f-ec484d0d8151  |i a570a1c7-9146-3d60-9fcb-70bb0ba811b2  |t 0 
952 f f |p ric  |a Texas A&M University  |b Rellis Campus  |c Joint Library Facility  |d Remote Storage  |t 0  |e HC497.P2 R56  |h Library of Congress classification  |i unmediated -- volume  |m A14800704685 
998 f f |a HC497.P2 R56  |t 0  |l Remote Storage